| Tag |
First Indicator |
Second Indicator |
Subfields |
| LEADER |
00000cam a2200000 a 4500 |
| 001 |
in00000010229 |
| 005 |
20151006080024.0 |
| 008 |
870612s1987 nyua b 00110 eng |
| 010 |
|
|
|a 87015588
|
| 020 |
|
|
|a 0444012516
|
| 035 |
|
|
|a (OCoLC)16093051
|
| 035 |
|
|
|9 AAA2429AM
|
| 040 |
|
|
|a DLC
|c DLC
|d TXA
|d UtOrBLW
|
| 049 |
|
|
|a TXAM
|c [A10759810]
|
| 050 |
0 |
0 |
|a QA911
|b .O66 1987
|
| 082 |
0 |
|
|a 530.1/5
|2 19
|
| 100 |
1 |
|
|a Oran, Elaine S.
|
| 245 |
1 |
0 |
|a Numerical simulation of reactive flow /
|c Elaine S. Oran, Jay P. Boris.
|
| 264 |
|
1 |
|a New York :
|b Elsevier,
|c [1987]
|
| 264 |
|
4 |
|c ©1987
|
| 300 |
|
|
|a xxi, 601 pages :
|b illustrations ;
|c 24 cm.
|
| 336 |
|
|
|a text
|b txt
|2 rdacontent
|
| 337 |
|
|
|a unmediated
|b n
|2 rdamedia
|
| 338 |
|
|
|a volume
|b nc
|2 rdacarrier
|
| 504 |
|
|
|a Includes bibliographies and index.
|
| 650 |
|
0 |
|a Fluid dynamics
|x Mathematical models.
|
| 650 |
|
0 |
|a Chemical kinetics
|x Mathematical models.
|
| 650 |
|
0 |
|a Transport theory
|x Mathematical models.
|
| 700 |
1 |
|
|a Boris, Jay P.
|
| 740 |
0 |
|
|a Reactive flow.
|
| 999 |
|
|
|a MARS
|
| 999 |
f |
f |
|s ff7357c4-ea2e-3022-8a59-ad0da9bdde3e
|i 3b454b69-591e-34c2-9a93-124e29c56f96
|t 0
|
| 952 |
f |
f |
|p normal
|a Texas A&M University
|b College Station
|c Sterling C. Evans Library
|d Evans: Library Stacks
|t 0
|e QA911 .O66 1987
|h Library of Congress classification
|i unmediated -- volume
|m A14810759810
|
| 998 |
f |
f |
|a QA911 .O66 1987
|t 0
|l Evans: Library Stacks
|